[Event "Clash of Blames"]
[Site "London, GB"]
[Date "2024.08.21"]
[Round "35"]
[White "Kramnik, Vladimir"]
[Black "Martinez Alcantara, Jose Eduardo"]
[Result "0-1"]
[Board "1"]
[WhiteFideId "4101588"]
[BlackFideId "3805662"]
[WhiteTitle "GM"]
[BlackTitle "GM"]
[WhiteElo "2676"]
[BlackElo "2691"]
[WhiteTeam "RUS"]
[BlackTeam "MEX"]
[WhiteClock "0:00:11"]
[BlackClock "0:00:18"]
[Variant "Standard"]

1. e4 {[%clk 0:03:04]}  e5 {[%clk 0:03:04]} 2. Nf3 {[%clk 0:03:05]}  Nc6 {[%clk 0:03:05]} 3. Bb5 {[%clk 0:03:06]}  a6 {[%clk 0:03:05]} 4. Ba4 {[%clk 0:03:07]}  d6 {[%clk 0:03:01]} 5. c3 {[%clk 0:03:08]}  Bd7 {[%clk 0:03:03]} 6. d4 {[%clk 0:03:09]}  Nge7 {[%clk 0:03:03]} 7. dxe5 {[%clk 0:03:02]}  dxe5 {[%clk 0:03:04]} 8. O-O {[%clk 0:03:00]}  Ng6 {[%clk 0:03:05]} 9. Be3 {[%clk 0:02:58]}  Be7 {[%clk 0:03:03]} 10. Nbd2 {[%clk 0:02:55]}  O-O {[%clk 0:03:03]} 11. b4 {[%clk 0:02:48]}  Kh8 {[%clk 0:02:51]} 12. Bc2 {[%clk 0:02:47]}  Be6 {[%clk 0:02:51]} 13. Bb3 {[%clk 0:02:46]}  Bd7 {[%clk 0:02:36]} 14. a4 {[%clk 0:02:43]}  f5 {[%clk 0:02:34]} 15. exf5 {[%clk 0:02:27]}  Bxf5 {[%clk 0:02:35]} 16. Bc2 {[%clk 0:02:27]}  Qc8 {[%clk 0:02:29]} 17. Be4 {[%clk 0:02:23]}  Bd6 {[%clk 0:02:19]} 18. Qc2 {[%clk 0:02:21]}  Nce7 {[%clk 0:02:20]} 19. Nc4 {[%clk 0:02:15]}  Qe6 {[%clk 0:02:21]} 20. Ncd2 {[%clk 0:01:55]}  h6 {[%clk 0:02:13]} 21. Rfe1 {[%clk 0:01:56]}  a5 {[%clk 0:02:14]} 22. b5 {[%clk 0:01:54]}  Rad8 {[%clk 0:02:12]} 23. Rad1 {[%clk 0:01:50]}  b6 {[%clk 0:02:11]} 24. Bxf5 {[%clk 0:01:47]}  Nxf5 {[%clk 0:02:12]} 25. Ne4 {[%clk 0:01:48]}  Nge7 {[%clk 0:01:55]} 26. Bc1 {[%clk 0:01:44]}  Qg6 {[%clk 0:01:39]} 27. c4 {[%clk 0:01:28]}  Nd4 {[%clk 0:01:34]} 28. Nxd4 {[%clk 0:01:25]}  exd4 {[%clk 0:01:35]} 29. Qd3 {[%clk 0:01:17]}  Bb4 {[%clk 0:01:37]} 30. Bd2 {[%clk 0:01:05]}  Qf7 {[%clk 0:01:38]} 31. Bxb4 {[%clk 0:00:53]}  axb4 {[%clk 0:01:39]} 32. c5 {[%clk 0:00:53]}  Ng6 {[%clk 0:01:34]} 33. cxb6 {[%clk 0:00:47]}  cxb6 {[%clk 0:01:35]} 34. Qg3 {[%clk 0:00:40]}  Nf4 {[%clk 0:01:32]} 35. Kh1 {[%clk 0:00:24]}  d3 {[%clk 0:01:33]} 36. Rd2 {[%clk 0:00:22]}  b3 {[%clk 0:01:14]} 37. f3 {[%clk 0:00:24]}  Qc4 {[%clk 0:01:14]} 38. Qf2 {[%clk 0:00:23]}  Qxa4 {[%clk 0:01:12]} 39. Qxb6 {[%clk 0:00:23]}  Rb8 {[%clk 0:01:13]} 40. Qe3 {[%clk 0:00:13]}  Qxb5 {[%clk 0:01:14]} 41. Rb1 {[%clk 0:00:12]}  Rbd8 {[%clk 0:00:55]} 42. Rdb2 {[%clk 0:00:12]}  Qa5 {[%clk 0:00:28]} 43. h3 {[%clk 0:00:13]}  Rc8 {[%clk 0:00:25]} 44. Qd2 {[%clk 0:00:10]}  Qe5 {[%clk 0:00:21]} 45. Nf2 {[%clk 0:00:04]}  Rc2 {[%clk 0:00:21]} 46. Nxd3 {[%clk 0:00:04]}  Nxd3 {[%clk 0:00:15]} 47. Rxc2 {[%clk 0:00:05]}  bxc2 {[%clk 0:00:16]} 48. Qxc2 {[%clk 0:00:06]}  Nf4 {[%clk 0:00:15]} 49. Qf2 {[%clk 0:00:08]}  Nh5 {[%clk 0:00:16]} 50. Re1 {[%clk 0:00:09]}  Qf4 {[%clk 0:00:17]} 51. Kg1 {[%clk 0:00:09]}  Ng3 {[%clk 0:00:18]} 52. Qe3 {[%clk 0:00:10]}  Qf6 {[%clk 0:00:13]} 53. Qe5 {[%clk 0:00:11]}  Qb6+ {[%clk 0:00:11]} 54. Kh2 {[%clk 0:00:11]}  Nf5 {[%clk 0:00:12]} 55. Re4 {[%clk 0:00:10]}  Qd6 {[%clk 0:00:10]} 56. Qxd6 {[%clk 0:00:10]}  Nxd6 {[%clk 0:00:12]} 57. Re6 {[%clk 0:00:11]}  Nf5 {[%clk 0:00:10]} 58. Re5 {[%clk 0:00:12]}  Kh7 {[%clk 0:00:10]} 59. Re4 {[%clk 0:00:12]}  Rf7 {[%clk 0:00:08]} 60. h4 {[%clk 0:00:12]}  Ne7 {[%clk 0:00:08]} 61. Kh3 {[%clk 0:00:10]}  Nd5 {[%clk 0:00:09]} 62. Re5 {[%clk 0:00:09]}  Nf4+ {[%clk 0:00:11]} 63. Kg3 {[%clk 0:00:09]}  Ng6 {[%clk 0:00:12]} 64. Re4 {[%clk 0:00:10]}  Ne7 {[%clk 0:00:14]} 65. Kh3 {[%clk 0:00:09]}  Ng8 {[%clk 0:00:14]} 66. Rd4 {[%clk 0:00:09]}  Ra7 {[%clk 0:00:15]} 67. Re4 {[%clk 0:00:08]}  Kg6 {[%clk 0:00:17]} 68. g4 {[%clk 0:00:09]}  Nf6 {[%clk 0:00:17]} 69. Re5 {[%clk 0:00:08]}  Ra3 {[%clk 0:00:15]} 70. Kg3 {[%clk 0:00:09]}  Kf7 {[%clk 0:00:16]} 71. h5 {[%clk 0:00:10]}  Nh7 {[%clk 0:00:17]} 72. Rf5+ {[%clk 0:00:07]}  Ke6 {[%clk 0:00:19]} 73. Kg2 {[%clk 0:00:05]}  Ng5 {[%clk 0:00:18]} 74. Kg3 {[%clk 0:00:06]}  Rb3 {[%clk 0:00:16]} 75. Kg2 {[%clk 0:00:06]}  Rb1 {[%clk 0:00:12]} 76. Rf8 {[%clk 0:00:07]}  Nf7 {[%clk 0:00:12]} 77. Kg3 {[%clk 0:00:07]}  Rb3 {[%clk 0:00:11]} 78. Kg2 {[%clk 0:00:07]}  Ke7 {[%clk 0:00:13]} 79. Rg8 {[%clk 0:00:09]}  Kf6 {[%clk 0:00:06]} 80. Rf8 {[%clk 0:00:10]}  Ra3 {[%clk 0:00:07]} 81. Kg3 {[%clk 0:00:10]}  Ke6 {[%clk 0:00:07]} 82. Re8+ {[%clk 0:00:11]}  Kd6 {[%clk 0:00:08]} 83. Rg8 {[%clk 0:00:10]}  Ng5 {[%clk 0:00:06]} 84. Rf8 {[%clk 0:00:08]}  Ke6 {[%clk 0:00:05]} 85. Rf5 {[%clk 0:00:08]}  Ne4+ {[%clk 0:00:06]} 86. Kf4 {[%clk 0:00:07]}  Nd6 {[%clk 0:00:05]} 87. Rf8 {[%clk 0:00:07]}  Nf7 {[%clk 0:00:04]} 88. Kg3 {[%clk 0:00:07]}  Rc3 {[%clk 0:00:06]} 89. Re8+ {[%clk 0:00:06]}  Kd6 {[%clk 0:00:06]} 90. Rf8 {[%clk 0:00:05]}  Ke7 {[%clk 0:00:08]} 91. Rg8 {[%clk 0:00:05]}  Kf6 {[%clk 0:00:04]} 92. Rf8 {[%clk 0:00:06]}  Rd3 {[%clk 0:00:06]} 93. Kg2 {[%clk 0:00:07]}  Rd8 {[%clk 0:00:07]} 94. Rxd8 {[%clk 0:00:07]}  Nxd8 {[%clk 0:00:08]} 95. f4 {[%clk 0:00:09]}  Nf7 {[%clk 0:00:07]} 96. Kf3 {[%clk 0:00:10]}  Ke6 {[%clk 0:00:08]} 97. Ke4 {[%clk 0:00:09]}  Nd6+ {[%clk 0:00:09]} 98. Kd4 {[%clk 0:00:10]}  Ne8 {[%clk 0:00:09]} 99. Ke3 {[%clk 0:00:03]}  Kd5 {[%clk 0:00:10]} 100. g5 {[%clk 0:00:04]}  Nd6 {[%clk 0:00:10]} 101. gxh6 {[%clk 0:00:05]}  gxh6 {[%clk 0:00:12]} 102. Kf3 {[%clk 0:00:06]}  Ke6 {[%clk 0:00:12]} 103. Kg4 {[%clk 0:00:07]}  Kf6 {[%clk 0:00:13]} 104. Kg3 {[%clk 0:00:09]}  Kf5 {[%clk 0:00:15]} 105. Kf3 {[%clk 0:00:10]}  Ne4 {[%clk 0:00:16]} 106. Ke3 {[%clk 0:00:11]}  Nf6 {[%clk 0:00:18]} 0-1